000 00944nam a2200253 a 4500
001 000015421
003 DO-SdBNP
005 20240409073638.0
008 100208s2004 dr 000 e spa d
020 _a9993427055
040 _aDO-SdBNP
_bspa
_cBNPHU
082 4 _a972.93053
_bF438f
_222
100 1 _aFiallo, Fabio,
_d1866-1942
_934816
245 1 0 _aFinal de ensueño en Santo Domingo /
_cFabio Rafael Fiallo.
260 _aSanto Domingo :
_bFundación Cultural Dominicana,
_c2004.
300 _a375 p. ;
_c24 cm.
500 _aIncluye datos biográficos del autor en la solapa de la cubierta
500 _aIncluye notas al pie de las páginas
600 1 4 _aFiallo, Fabio Rafael,
_xRelatos personales
_934817
651 4 _aRepública Dominicana
_xVida social y costumbres
_9405
651 4 _aSanto Domingo (República Dominicana)
_xDescripciones y viajes
_97718
910 _aValidado. Control de calidad. MMOLINA
942 _2ddc
_cLBS1
999 _c14979
_d14979